000 00332pam a2200157a 44500
008 230515b1905 xxu||||| |||| 00| 0 eng d
020 _aNULL
041 _aHINDI
082 _a1
100 _aSHASTRI N
245 _aNIDHANCHIKITSA
250 _a1
260 _aSANGAI
_bN.D.
_c1905
300 _a100
650 _aNIDHANCHIKITSA
999 _c496995
_d496995